000 00736nam a2200253 a 4500
008
020 _a0273614150 (pbk.)
049 _aMAIN
090 _aHJ9731
_bJOH
100 1 _aJones, Rowan.
245 1 0 _aPublic sector accounting /
_cRowan Jones, Maurice Pendlebury.
250 _a4th ed.
260 _aLondon :
_bPitman Publishing,
_c1996.
300 _avi, 250 p. :
_bill. ;
_c25 cm.
504 _aIncludes bibliographical references.
500 _aIncludes index.
650 0 _aFinance, Public
_xAccounting.
700 1 _aPendlebury, Maurice.
907 _a.b10007003
_b23-07-12
_c17-04-03
003
005 20230123133118.0
040 _cNUST
942 _cBOOKS
_kHJ9731
_mJOH
999 _c142928
_d142928